| 000 | 00600nam a2200229 a 4500 | ||
|---|---|---|---|
| 001 | nice12345678 | ||
| 003 | IN_TiNIC | ||
| 005 | 20260116011300.0 | ||
| 008 | 050524s1960 lona grp 000 0 eng | ||
| 020 |
_a _c100 |
||
| 082 | 0 | 0 |
_a221.1 _bPFE1 |
| 100 | _aPfeiffer, H Robert | ||
| 245 |
_aReligion in the Old Testament _b History of a Spiritual Triumph. |
||
| 260 |
_aLondon _bAdam and Charles Black _c1960 |
||
| 300 | _a276p | ||
| 500 | _aincludes index and biblioraphy | ||
| 505 | 2 | _aIndex, Bibliography | |
| 650 | _aBible O.T. History | ||
| 902 | _bSRS | ||
| 942 | _cBK | ||
| 999 |
_c152 _d152 |
||